000
00243nam a2200085 4500
999
_c
515111
_d
515111
100
_a
Maksudoy, Latif
_9
20235
245
_a
Ways of overcoming economic backwardness
260
_a
Moscow
_b
Novosti Press Agency Publishing House
_c
1972
300
_a
191p.